Datum a čas kvízu
44.5
Celkem bodů
Celkový počet nahraných bodů na tomto kvízu bez doplňovacích otázek.
3.
Pořadí na kvízu
Konečné umístění týmu na tomto kvízu.
Zaznamenané odpovědi
| # | Otázka | Odpověď | Body | Výsledky |
|---|---|---|---|---|
| 1. | Minulý týden se satelitní sním... | srdce | 1 | |
| 2. | Minulý týden jsme se dozvěděli... | Magnolia (magnólie) | 1 | |
| 3. | V sobotu byly slavnostně vyhlá... | Vladimír Mišík, Kateřina Marie Tichá | 1 | |
| 4. | Ministerstvo dopravy schválilo... | D99 | 1 | |
| 5. | Atmosféra mezi istanbulskými k... | José Mourinho | 1 | |
| 6. | Miminkovské téma začněme u pro... | D | 1 | |
| 7. | Nejen lidská miminka se rodí s... | mázek | 1 | |
| 8. | Ihned na první návštěvě u pedi... | vitamín D | 1 | |
| 9. | Pro klidný spánek miminka může... | bílý šum | 1 | |
| 10. | Ve které síti drogerií nakoupí... | Rossmann | 1 |